000 00252nam a2200097Ia 4500
008 200608s9999 xx 000 0 und d
082 _a338.7
_bMIS.P
100 _aMISHRA R K
245 0 _aPRIVATISATION - A GLOBAL PERSPECTIVE / MISHRA R K
942 _cBK
_2DDC
999 _c4938
_d4938